[Event "HON-ch qual1"]
[Site "San Pedro Sula"]
[Date "2019.11.19"]
[Round "4"]
[White "Paz Garcia, Mario"]
[Black "Mendoza, Edwin"]
[Result "1-0"]
[WhiteElo "1698"]
[BlackElo "1793"]
[PlyCount "51"]
[EventDate "2019.11.18"]
[EventType "swiss"]
[EventRounds "7"]
[EventCountry "HON"]
[SourceTitle "EXT 2021"]
[Source "ChessBase"]
[SourceDate "2020.10.23"]
[SourceVersion "1"]
[SourceVersionDate "2020.10.23"]
[SourceQuality "1"]

1. e4 e5 2. Nf3 Nf6 3. Nc3 Nc6 4. Bb5 Nd4 5. Bc4 Nxf3+ 6. Qxf3 d6 7. h3 Be7 8. d3 c6 9. g4 h6 10. Be3 Be6 11. 0-0-0 Bxc4 12. dxc4 Qc7 13. h4 g6 14. Bxh6 Nxg4 15. Bg5 Nh6 16. Bxh6 Rxh6 17. h5 0-0-0 18. hxg6 Rxg6 19. Rdg1 Bg5+ 20. Kd1 f6 21. Qf5+ Kb8 22. Qxg6 Qb6 23. Rxg5 fxg5 24. Qxg5 Rf8 25. Qd2 Rxf2 26. Qxd6+ 1-0

[Event "HON-ch qual1"]
[Site "San Pedro Sula"]
[Date "2019.11.18"]
[Round "2"]
[White "Gutierrez, Jacobo"]
[Black "Mendoza, Edwin"]
[Result "0-1"]
[WhiteElo "1558"]
[BlackElo "1793"]
[PlyCount "94"]
[EventDate "2019.11.18"]
[EventType "swiss"]
[EventRounds "7"]
[EventCountry "HON"]
[SourceTitle "EXT 2021"]
[Source "ChessBase"]
[SourceDate "2020.10.23"]
[SourceVersion "1"]
[SourceVersionDate "2020.10.23"]
[SourceQuality "1"]

1. c4 Nf6 2. d4 e5 3. dxe5 Ng4 4. Nf3 Bc5 5. e3 Nc6 6. a3 a5 7. Nc3 Ngxe5 8. Ne4 Ba7 9. c5 0-0 10. Bd2 f5 11. Neg5 d5 12. cxd6 Qxd6 13. Qb3+ Kh8 14. Nxe5 Qxe5 15. f4 Qe7 16. Bc4 Nd4 17. Qd1 Be6 18. Nxe6 Nxe6 19. 0-0 Rad8 20. Kh1 Nc5 21. Qe2 Ne4 22. Bxa5 Qh4 23. Be1 Qh6 24. Rf3 Rfe8 25. Rh3 Qd6 26. Bb4 Bc5 27. Be1 Qb6 28. a4 Nf6 29. a5 Qd6 30. a6 bxa6 31. Bf7 Re4 32. Bg6 Qxf4 33. exf4 Rxe2 34. Bxf5 Kg8 35. g4 g6 36. g5 Ne4 37. Be6+ Kg7 38. Rf3 Nxg5 39. fxg5 Rxe6 40. Bc3+ Kg8 41. Rf6 Rxf6 42. gxf6 Rd6 43. Re1 Bd4 44. Re8+ Kf7 45. Re7+ Kxf6 46. Rxh7 Bxc3 47. bxc3 Rc6 0-1